Visualizzazione normale
Vista MARC
- Musso Adelmo
di Personal Name
Records bibliografici associati: 1
001 - CONTROL NUMBER
- control field: 23372
003 - CONTROL NUMBER IDENTIFIER
- control field: IT-RoPau
005 - DATE AND TIME OF LATEST TRANSACTION
- control field: 20140501145913.0
008 - FIXED-LENGTH DATA ELEMENTS
- fixed length control field: 140501|| aca||aabn | a|a d
040 ## - CATALOGING SOURCE
- Original cataloging agency: IT-RoPau
- Transcribing agency: IT-RoPau
100 ## - HEADING--PERSONAL NAME
- Personal name: Musso Adelmo
670 ## - SOURCE DATA FOUND
- Source citation: Work cat.: (IT-RoPau)102568: Musso Adelmo, Nell'attesa della tua venuta (36 diap.-libretto-cassetta)